000 00916nam a2200265Ia 4500
003 OSt
005 20221005103222.0
006 a|||||r|||| 00| 0
007 ta
008 221004b |||||||| |||| 00| 0 hin d
024 _a108893
037 _cTextual
040 _aCRL
_cCRL
_bhin
041 _2hin
_ahin
082 _aO152:g(P:1), J6.1
100 _aव्यास, भोलाशंकर
245 0 _aध्वनि संप्रदाय और उसके सिद्धांत
246 _aDhvani sanpradāya aur usake siddhāanta
260 _aकाशी
_bनागरीप्रचारिणी सभा भारत
_c1956
300 _a509पृ0
_ccm.
490 _vभाग 1
650 _aहिन्दी साहित्य
942 _hO152:g(P:1), J6.1
_cTEXL
_2cc
999 _c1009642
_d1009642